[Event "9.Offene Senioren SH 2015"]
[Site "Buesum"]
[Date "2015.10.05"]
[Round "7.1"]
[White "Ackermann, Hans Werner"]
[Black "Werner, Clemens"]
[Result "1/2-1/2"]
[BlackElo "2330"]
[BlackTeam "Karlsruher SF"]
[EventDate "2015.??.??"]
[PlyCount "62"]
[WhiteElo "2333"]
[WhiteTeam "SSC Rostock"]

1. Nf3 d6 2. d4 Nf6 3. c4 g6 4. Nc3 Bg7 5. g3 O-O 6. Bg2 Nc6 7. h3 a6 8. O-O Rb8
9. e4 b5 10. cxb5 axb5 11. Re1 b4 12. Nb1 Bd7 13. g4 e5 14. dxe5 Nxe5 15. Nxe5
dxe5 16. Be3 Be6 17. a4 Nd7 18. Qc1 c5 19. Nd2 Qc7 20. Bf1 Rfe8 21. Nc4 Bf6 22.
b3 Red8 23. Ra2 Rbc8 24. Rd2 Nb8 25. Rxd8+ Rxd8 26. Qb2 Be7 27. a5 Nc6 28. a6
Ra8 29. Ra1 Bc8 30. Nd2 Nb8 31. Nf3 Bxa6  1/2-1/2

[Event "9.Offene Senioren SH 2015"]
[Site "Buesum"]
[Date "2015.10.05"]
[Round "7.2"]
[White "Kierzek, Matthias"]
[Black "Bartsch, Berthold"]
[Result "1/2-1/2"]
[BlackElo "2323"]
[BlackTeam "SC Forchheim"]
[EventDate "2015.??.??"]
[PlyCount "105"]
[WhiteElo "2226"]
[WhiteTeam "SC Fulda"]

1. d4 Nf6 2. c4 e6 3. Nf3 d5 4. Nc3 Be7 5. Bg5 O-O 6. e3 b6 7. Bd3 c5 8. cxd5
Nxd5 9. Bxe7 Qxe7 10. Nxd5 exd5 11. dxc5 bxc5 12. O-O Bb7 13. Rc1 Nd7 14. Qc2 g6
15. Rfe1 Rfc8 16. e4 d4 17. b3 a5 18. Bb5 Nb6 19. Nd2 Qg5 20. g3 Rc7 21. f4 Qd8
22. Bd3 Rac8 23. Nc4 Nxc4 24. Bxc4 Re7 25. Bd3 Qb6 26. e5 a4 27. f5 axb3 28.
Qxb3 Qxb3 29. axb3 Bd5 30. fxg6 Bxb3 31. gxh7+ Kg7 32. Bc4 Bxc4 33. Rxc4 Kxh7
34. Re4 Kg6 35. Rexd4 cxd4 36. Rxc8 Kf5 37. Rc5 Ke4 38. Kf2 Ra7 39. Rc2 Kd3 40.
Rc6 Ra2+ 41. Kf3 Rxh2 42. Rc7 Rh1 43. Kf2 Rh5 44. Rxf7 Rxe5 45. Kf3 Rc5 46. g4
Kc2 47. Rd7 d3 48. Kf4 d2 49. g5 d1=R 50. Rxd1 Kxd1 51. g6 Rc6 52. Kf5 Rxg6 53.
Kxg6  1/2-1/2

[Event "9.Offene Senioren SH 2015"]
[Site "Buesum"]
[Date "2015.10.05"]
[Round "7.3"]
[White "Baum, Bernd"]
[Black "Lutz, Albert"]
[Result "1-0"]
[BlackElo "2204"]
[BlackTeam "SK Krumbach"]
[EventDate "2015.??.??"]
[PlyCount "47"]
[WhiteElo "2264"]
[WhiteTeam "SV Empor Erfurt"]

1. c4 e6  2. Nf3 d5 3. g3 c5 4. Bg2 Nc6 5. O-O Nf6 6. cxd5 Nxd5 7. d4 cxd4 8.
Nxd4 Bd7 9. e4 Nf6 10. Nb5 Nb4 11. N1c3 a6 12. Nd6+ Bxd6 13. Qxd6 Qe7 14. Bf4
Nc6 15. Rfd1 Qxd6 16. Bxd6 Rd8 17. Rd2 Bc8 18. Rad1 Ng4 19. Bf1 Nge5 20. Be2 g5
21. Bxe5 Rxd2 22. Bxh8 Rxd1+ 23. Bxd1 Ke7 24. e5  1-0

[Event "9.Offene Senioren SH 2015"]
[Site "Buesum"]
[Date "2015.10.05"]
[Round "7.4"]
[White "Limberg, Siegfried"]
[Black "Schumacher, Gottfried"]
[Result "0-1"]
[BlackElo "2246"]
[BlackTeam "HTC Bad Neuenahr"]
[EventDate "2015.??.??"]
[PlyCount "43"]
[WhiteElo "2037"]
[WhiteTeam "SF Taunus"]

1. d4 e6 2. Nf3 c5 3. e3 Nf6 4. Bd3 d5 5. b3 Nc6 6. a3 Ne4 7. Bb2 Be7 8. Nbd2 f5
9. Ne5 O-O 10. f4 Qb6 11. Nxc6 bxc6 12. Nxe4 fxe4 13. Be2 a5 14. a4 c4 15. O-O
cxb3 16. cxb3 Rb8 17. Bc3 Qxb3 18. Qd2 Bb4 19. Rfc1 Bd7 20. Bd1 Bxc3 21. Qxc3
Qb4 22. Qc2  0-1

[Event "9.Offene Senioren SH 2015"]
[Site "Buesum"]
[Date "2015.10.05"]
[Round "7.5"]
[White "Hassenrueck, Helmut"]
[Black "Szenetra, Werner"]
[Result "1-0"]
[BlackElo "2200"]
[BlackTeam "SV Berenbostel"]
[EventDate "2015.??.??"]
[PlyCount "55"]
[WhiteElo "2240"]
[WhiteTeam "SG-Gladbeck"]

1. d4 g6 2. e4 Bg7 3. Nc3 d6 4. f4 a6  5. Nf3 b5 6. Bd3 Nd7 7. e5 c5 8. exd6
exd6 9. a4 b4 10. Ne4 Qc7 11. dxc5 dxc5 12. Bc4 Nb6 13. Bxf7+ Kxf7 14. a5 Bb7
15. Neg5+ Ke8 16. axb6 Qe7+ 17. Kf2 Rd8 18. Bd2 Bxf3 19. gxf3 Qd6 20. Qe2+ Ne7
21. Rhd1 Bd4+ 22. Kg2 Qxb6 23. Rxa6 Qb8 24. Qc4 Nd5 25. Re1+ Kf8 26. c3 bxc3 27.
bxc3 Qb2 28. Ra2  1-0

[Event "9.Offene Senioren SH 2015"]
[Site "Buesum"]
[Date "2015.10.05"]
[Round "7.6"]
[White "Glaeser, Wilfried"]
[Black "Ljubarskij, Juri"]
[Result "1-0"]
[BlackElo "2226"]
[BlackTeam "Hannover 96"]
[EventDate "2015.??.??"]
[PlyCount "117"]
[WhiteElo "2135"]
[WhiteTeam "SK Anderten"]

1. Nf3 Nf6 2. c4 e6 3. b3 d5 4. Bb2 b6 5. g3 Bb7 6. Bg2 Nbd7 7. O-O Bd6 8. d4
O-O 9. Nc3 Re8 10. Qc2 Rc8 11. Rad1 c5 12. Nb5 Bb8 13. dxc5 Nxc5 14. Qb1 Qe7 15.
cxd5 Bxd5 16. Nc3 Bb7 17. Rfe1 Nce4 18. Nxe4 Nxe4 19. Ne5 Nf6 20. e4 Bd6 21. Re2
Bb4 22. Rc2 Rxc2 23. Qxc2 Rc8 24. Qd3 h6 25. Bf3 Bc5 26. Kg2 a5 27. a4 Qe8 28.
h4 Ra8 29. Nd7 Nxd7 30. Qxd7 Bc6 31. Qd3 Rb8 32. Be5 Rc8 33. Bd6 Rd8 34. e5 f6
35. Qe2 fxe5 36. Bxe5 Bd5 37. Bxd5 exd5 38. f4 Qe6 39. Qf3 d4 40. h5 Qf5 41. Rd3
Kf7 42. g4 Qe6 43. Kh3 Rd7 44. Qe4 Rd5 45. Qf5+ Qxf5 46. gxf5 Rd7 47. Kg4 Ke8
48. Kf3 Rf7 49. Ke4 Re7 50. Rg3 Kf8 51. Rg6 Rd7 52. Kd3 Rf7 53. f6 gxf6 54. Rxf6
Rxf6 55. Bxf6 Kf7 56. Bxd4 Bd6 57. Bxb6 Bxf4 58. Bxa5 Ke6 59. Bd2  1-0

[Event "9.Offene Senioren SH 2015"]
[Site "Buesum"]
[Date "2015.10.05"]
[Round "7.7"]
[White "Villing, Dieter"]
[Black "Rueberg, Jobst"]
[Result "0-1"]
[BlackElo "2143"]
[BlackTeam "SV Ahlen"]
[EventDate "2015.??.??"]
[PlyCount "70"]
[WhiteElo "2066"]
[WhiteTeam "SK Ludwigshafen"]

1. d4 Nf6 2. Nc3 d5 3. Bg5 Nbd7 4. Qd3 a6 5. e4 dxe4 6. Nxe4 Nxe4 7. Qxe4 Nf6 8.
Bxf6 gxf6 9. O-O-O Qd6 10. Nf3 Bg7 11. Bd3 Be6 12. c4 O-O-O 13. d5 f5 14. Qe3
Bd7 15. Qa7 c5 16. dxc6 Qxc6 17. Rhe1 Be6 18. Ne5 Qa4 19. f4 Qxa2 20. c5 Qa1+
21. Kc2 Qa4+ 22. Kc1 Qa1+ 23. Kc2 Qa4+ 24. Kc1 Bxe5 25. fxe5 Bb3 26. Bxf5+ e6
27. Rd6 exf5 28. c6 Qa1+ 29. Kd2 Rxd6+ 30. exd6 Qxb2+ 31. Ke3 f4+ 32. Kxf4 Qd2+
33. Qe3 Qxd6+ 34. Kf3 Qf6+ 35. Qf4 Bd5+  0-1

[Event "9.Offene Senioren SH 2015"]
[Site "Buesum"]
[Date "2015.10.05"]
[Round "7.8"]
[White "Hess, Christian"]
[Black "Nickel, Arno"]
[Result "1-0"]
[BlackElo "2087"]
[BlackTeam "Flensburger SK"]
[EventDate "2015.??.??"]
[PlyCount "49"]
[WhiteElo "2203"]
[WhiteTeam "FC St. Pauli"]

1. c4 c5 2. Nf3 Nf6 3. Nc3 Nc6 4. e3 e6 5. d4 d5 6. a3 cxd4 7. exd4 dxc4 8. Bxc4
Be7 9. O-O O-O 10. Re1 a6 11. Bg5 h6 12. Bh4 b5 13. Ba2 Bb7 14. Qd3 Qb6 15. d5
Rad8 16. Rad1 Rd7 17. Bb1 g6 18. Rxe6 fxe6 19. Qxg6+ Kh8 20. Qxh6+ Kg8 21. Qg6+
Kh8 22. dxc6 Qxc6 23. Rxd7 Qxd7 24. Ne5 Be4 25. Bxe4  1-0

[Event "9.Offene Senioren SH 2015"]
[Site "Buesum"]
[Date "2015.10.05"]
[Round "7.9"]
[White "Weidlich, Guenter"]
[Black "Quiring, Nikolai"]
[Result "1-0"]
[BlackElo "2048"]
[BlackTeam "SV VHS Rendsburg"]
[EventDate "2015.??.??"]
[PlyCount "53"]
[WhiteElo "2197"]
[WhiteTeam "SV Dresden-Leuben"]

1. g3 d5 2. Nf3 c5 3. Bg2 Nc6 4. d4 cxd4 5. Nxd4 e5 6. Nxc6 bxc6 7. c4 Bb4+ 8.
Nd2 Qa5 9. O-O Be6 10. cxd5 cxd5 11. Nc4 Qa6 12. Nxe5 Ne7 13. Nd3 Bd6 14. Nf4
Rd8 15. Nd3 O-O 16. Bf4 Ng6 17. Bxd6 Qxd6 18. Qd2 Ne5 19. Rfc1 Nc4 20. Qe1 Rc8
21. b3 Na3 22. Qb4 Qxb4 23. Nxb4 d4 24. Nc6 Rc7 25. Nxd4 Rd7 26. e3 Rfd8 27. h4 
1-0

[Event "9.Offene Senioren SH 2015"]
[Site "Buesum"]
[Date "2015.10.05"]
[Round "7.10"]
[White "Rychlik, Kurt"]
[Black "Lotzien, Hans"]
[Result "1/2-1/2"]
[BlackElo "2165"]
[BlackTeam "Godesberger SK"]
[EventDate "2015.??.??"]
[PlyCount "90"]
[WhiteElo "2060"]
[WhiteTeam "SV Berenbostel"]

1. Nf3 d5 2. g3 c6 3. Bg2 Bg4 4. d3 Nf6 5. Nbd2 Nbd7 6. h3 Bxf3 7. Nxf3 e6 8.
O-O Be7 9. Re1 O-O 10. e4 dxe4 11. dxe4 e5 12. b3 Bb4 13. Re3 Qc7 14. Bb2 Rad8
15. Qe2 Bd6 16. Rd1 Nc5 17. Nd2 b5 18. c4 b4 19. Nf3 Rfe8 20. Nh4 Bf8 21. Bf3 g6
22. Qf1 Rxd1 23. Qxd1 Rd8 24. Qc2 Bh6 25. Re2 Ne6 26. Bg2 Nd4 27. Bxd4 exd4 28.
Qd3 c5 29. e5 Nh5 30. Bd5 Ng7 31. f4 Re8 32. Nxg6 Qd7 33. Nh4 Qxh3 34. Rh2 Qg4
35. Kf2 Bxf4 36. gxf4 Qxf4+ 37. Nf3 Nf5 38. Rg2+ Kf8 39. Qe4 Qe3+ 40. Qxe3 Nxe3
41. Rg1 Rb8 42. Ke2 Rb6 43. Rh1 a5 44. Nd2 Ng4 45. Ne4 Nxe5  1/2-1/2

[Event "9.Offene Senioren SH 2015"]
[Site "Buesum"]
[Date "2015.10.05"]
[Round "7.11"]
[White "Weyrauch, Erich"]
[Black "Lomer, Edmund"]
[Result "1/2-1/2"]
[BlackElo "2034"]
[BlackTeam "Eckernfoerder SC"]
[EventDate "2015.??.??"]
[PlyCount "115"]
[WhiteElo "2153"]
[WhiteTeam "SV Ruhrspringer"]

1. e4 d5 2. exd5 Qxd5 3. d4 Nf6 4. Nc3 Qa5 5. Bd2 c6 6. Ne4 Qf5 7. Ng3 Qd5 8. c3
g6 9. Nf3 Bg7 10. Be2 O-O 11. O-O Bg4 12. h3 Bxf3 13. Bxf3 Qb5 14. a4 Qb6 15.
Re1 e6 16. Qc1 Nbd7 17. a5 Qc7 18. Bf4 Qc8 19. Bd6 Re8 20. c4 a6 21. Qd2 Bf8 22.
Bxf8 Rxf8 23. b4 Kg7 24. Rac1 Re8 25. Qb2 Kg8 26. Re3 Qc7 27. Rce1 Qd6 28. Rd1
Rad8 29. Nf1 Qc7 30. Rde1 Qc8 31. Nd2 Qc7 32. Nb3 Qd6 33. Qc3 Qf4 34. Nc1 Qd6
35. g3 Qb8 36. Nb3 Qd6 37. Kg2 h6 38. R1e2 Kh7 39. Qe1 Kg7 40. Re5 Qc7 41. R5e3
Qd6 42. Qc3 Kh7 43. Na1 Kg8 44. Nc2 Kh7 45. Qb2 Qc7 46. Qa1 Kg8 47. Qe1 Qd6 48.
Qc3 Kh7 49. Qd2 Kg7 50. Qc3 Kh8 51. Qb2 Qc7 52. Rd3 Kg8 53. b5 axb5 54. cxb5
Qxa5 55. bxc6 bxc6 56. Bxc6 Rb8 57. Qc1 Kg7 58. Qd2  1/2-1/2

[Event "9.Offene Senioren SH 2015"]
[Site "Buesum"]
[Date "2015.10.05"]
[Round "7.12"]
[White "Jacoby, Gisbert"]
[Black "Strenzke, Guenter"]
[Result "0-1"]
[BlackElo "2018"]
[BlackTeam "SCC Palame"]
[EventDate "2015.??.??"]
[PlyCount "54"]
[WhiteElo "2151"]
[WhiteTeam "FC St. Pauli"]

1. c4 c6 2. e4 d5 3. exd5 cxd5 4. d4 Nf6 5. Nc3 e6 6. Nf3 Nc6 7. Bg5 Be7 8. c5
O-O 9. Bb5 Ne4 10. Bxe7 Nxe7 11. Qc2 Bd7 12. Bd3 f5 13. Ne5 Qc7 14. O-O Nc6 15.
Nxc6 bxc6 16. f3 Ng5 17. Rae1 Rf6 18. Re5 Rh6 19. f4 Ne4 20. Nd1 Qd8 21. g3 Rg6
22. Bxe4 dxe4 23. Ne3 Bc8 24. Rd1 h5 25. Qe2 h4 26. g4 fxg4 27. Nxg4 Ba6 28. Qg2
Bd3 29. d5 cxd5 30. h3 Qf8 31. Qf2 Rc8 32. Rc1 Rc7 33. f5 e3 34. Qxe3 Bxf5 35.
Kh2 Be4 36. b4 Rf7 37. Rxe4 dxe4 38. Qxe4 Qb8+ 39. Kh1 Rf5 40. c6 Qc7 41. Rd1
Kh7 42. a4 Qg3 43. Qg2 Qc3 44. b5 Rf3 45. Kh2 Rg3 46. Qf1 Qc2+ 47. Kh1 Rxh3+ 48.
Qxh3 Qxd1+ 49. Kh2 Rxg4  0-1

[Event "9.Offene Senioren SH 2015"]
[Site "Buesum"]
[Date "2015.10.05"]
[Round "7.13"]
[White "Zunker, Reinhard"]
[Black "Opitz, Christian"]
[Result "1-0"]
[BlackElo "2016"]
[BlackTeam "SK Radolfzell"]
[EventDate "2015.??.??"]
[PlyCount "117"]
[WhiteElo "2135"]
[WhiteTeam "SV Hofheim"]

1. d4 Nf6 2. Bg5 e6 3. e4 Be7 4. Bd3 d6 5. Ne2 Nbd7 6. c3 e5 7. O-O O-O 8. Ng3
h6 9. Be3 Re8 10. f4 c6 11. Nd2 Qc7 12. h3 Nf8 13. Nf3 Ng6 14. f5 Nf8 15. Qd2
Kh7 16. Nh1 Bxf5 17. Ng5+ hxg5 18. Rxf5 g4 19. hxg4 Bd8 20. Nf2 Ng6 21. g3 d5
22. Kg2 exd4 23. Bf4 Nxf4+ 24. Rxf4 dxc3 25. Qxc3 dxe4 26. Nxe4  Nxe4 27. Bxe4+
Kg8 28. Rh1 Bf6 29. Bh7+ Kf8 30. Qc5+ Qe7 31. Qh5 Qe5 32. Bf5 Qd5+ 33. Be4 Rxe4
34. Qxd5 cxd5 35. Rh8+ Ke7 36. Rxe4+ dxe4 37. Rxa8 Bd4 38. Rb8 Ke6 39. Rxb7 Kd5
40. Rxf7 Kc4 41. Rc7+ Kd3 42. Rd7 Ke3 43. b4 Bc3 44. b5 Ke2 45. Rxa7 e3 46. a4
Kd1 47. Re7 e2 48. Kf3 e1=Q 49. Rxe1+ Kxe1 50. b6 Ba5 51. b7 Bc7 52. a5 Bb8 53.
g5 Kd2 54. Ke4 Kc3 55. g4 Kb4 56. Kf5 Kxa5 57. Kg6 Be5 58. b8=Q Bxb8 59. Kxg7 
1-0

[Event "9.Offene Senioren SH 2015"]
[Site "Buesum"]
[Date "2015.10.05"]
[Round "7.14"]
[White "Gehrmann, Rudolf-Rainer"]
[Black "Lehmann, Erwin"]
[Result "1-0"]
[BlackElo "2001"]
[BlackTeam "Ahrensburger TSV"]
[EventDate "2015.??.??"]
[PlyCount "125"]
[WhiteElo "2132"]
[WhiteTeam "SV Eutin"]

1. c4 c5 2. Nf3 Nc6 3. g3 g6 4. Bg2 Bg7 5. O-O e6 6. Nc3 Nge7 7. Ne4 d6 8. Rb1
b6 9. b3 d5 10. cxd5 exd5 11. Neg5 Bf5 12. d3 Qd7 13. Nh4 Be6 14. Nxe6 Qxe6 15.
e3 O-O 16. Nf3 h6 17. Bb2 Rac8 18. Bxg7 Kxg7 19. Rc1 Rc7 20. Qd2 Nc8 21. d4 N6e7
22. dxc5 bxc5 23. Rxc5 Rxc5 24. Qd4+ Kh7 25. Qxc5 Nb6 26. Nd4 Qd7 27. Qa3 Ra8
28. Rc1 a5 29. Nb5 Qxb5 30. Qxe7 Kg8 31. Rc7 Rf8 32. Rb7 Qc6 33. Rc7 Qb5 34. Bf1
Qe8 35. Qc5 Qb8 36. Rc6 Nd7 37. Qxa5 Qe5 38. Qc3 Qh5 39. Qc2 Ne5 40. Be2 Nf3+
41. Bxf3 Qxf3 42. Rc8 g5 43. Rxf8+ Kxf8 44. h3 Kg7 45. Qd3 h5 46. b4 f5 47. h4
gxh4 48. Qd4+ Kg6 49. Qxh4 Qd1+ 50. Kg2 Qa4 51. Qd4 Qxa2 52. b5 Qc4 53. b6 Qc6
54. Kh2 Qb5 55. Kg1 Qb1+ 56. Kg2 Qb5 57. Kf3 Qc6 58. Qb4 d4+ 59. Ke2 Qc2+ 60.
Kf1 d3 61. Qd6+ Kg5 62. Qe7+ Kg4 63. Qh4+  1-0

[Event "9.Offene Senioren SH 2015"]
[Site "Buesum"]
[Date "2015.10.05"]
[Round "7.15"]
[White "Duemmke, Juergen"]
[Black "Neumann, Joachim"]
[Result "1/2-1/2"]
[BlackElo "2105"]
[BlackTeam "Kieler SG"]
[EventDate "2015.??.??"]
[PlyCount "54"]
[WhiteElo "2035"]
[WhiteTeam "SV Grosshansdorf"]

1. e4 c5 2. Nf3 Nc6 3. d4 cxd4 4. Nxd4 Nf6 5. Nc3 e5 6. Ndb5 d6 7. Bg5 a6 8. Na3
b5 9. Nd5 Be7 10. Nxe7 Nxe7 11. Bxf6 gxf6 12. Qf3 f5 13. exf5 Bxf5 14. Bd3 Bxd3
15. Qxd3 d5 16. c3 Qd6 17. O-O Qg6 18. Qe2 Rg8 19. f3 O-O-O 20. Nc2 d4 21. cxd4
exd4 22. Rf2 Nc6 23. Qd2 Ne5 24. Ne1 Nc4 25. Rc1 Kb8 26. Qf4+ Qd6 27. Qxd6+ Rxd6
 1/2-1/2

[Event "9.Offene Senioren SH 2015"]
[Site "Buesum"]
[Date "2015.10.05"]
[Round "7.16"]
[White "Achenbach, Manfred"]
[Black "Riek, Wolfgang"]
[Result "1/2-1/2"]
[BlackElo "1982"]
[BlackTeam "SC Muelheim"]
[EventDate "2015.??.??"]
[PlyCount "65"]
[WhiteElo "2094"]
[WhiteTeam "SC Muelheim"]

1. Nf3 d5 2. c4 e6 3. g3 c6 4. Bg2 Bd6 5. d4 Nf6 6. O-O a5 7. Qc2 Nbd7 8. cxd5
exd5 9. Nc3 O-O 10. Nh4 Re8 11. Nf5 Bf8 12. Bf4 Nb6 13. Rae1 Bxf5 14. Qxf5 g6
15. Qc2 Nh5 16. Bc1 Bg7 17. Rd1 f5 18. Bf3 Nf6 19. Bf4 Ne4 20. Bxe4 fxe4 21. Qc1
Qd7 22. f3 exf3 23. Rxf3 Qg4 24. Kg2 Nd7 25. h3 Qe6 26. Qd2 Nf6 27. Re3 Qd7 28.
Be5 Nh5 29. Bxg7 Rxe3 30. Qxe3 Nxg7 31. Qg5 Rf8 32. e4 Qf7 33. Qf4  1/2-1/2

[Event "9.Offene Senioren SH 2015"]
[Site "Buesum"]
[Date "2015.10.05"]
[Round "7.17"]
[White "Krotofil, Kurt"]
[Black "Hunold, Rolf"]
[Result "1/2-1/2"]
[BlackElo "2093"]
[BlackTeam "SV Ruhrspringer"]
[EventDate "2015.??.??"]
[PlyCount "94"]
[WhiteElo "1986"]
[WhiteTeam "Niendorfer TSV"]

1. d4 Nf6 2. c4 c5 3. d5 e5 4. Nc3 d6 5. e4 Be7 6. f3 Nbd7 7. Be3 Nf8 8. Bd3 Ng6
9. Nge2 Nh5 10. Qd2 h6 11. Qc2 Bg5 12. Bf2 Nhf4 13. Nxf4 Nxf4 14. Bf1 h5 15. h4
Bh6 16. g3 Ng6 17. Bh3 Bxh3 18. Rxh3 Qd7 19. Qa4 Qxa4 20. Nxa4 Kd7 21. Nc3 Raf8
22. Rh1 f6 23. Ke2 Ne7 24. Rab1 a5 25. a3 b6 26. b4 axb4 27. axb4 Rb8 28. b5 Ra8
29. Ra1 Kc7 30. Ra6 Kb7 31. Rha1 Rhb8 32. Nd1 g6 33. Ne3 Rxa6 34. Rxa6 Ra8 35.
Rxa8 Kxa8 36. g4 Kb8 37. gxh5 gxh5 38. Ng2 Kc8 39. Bg3 Kd7 40. f4 Ng8 41. Kf3
Ne7 42. Ne3 Ke8 43. Ng2 Kf7 44. f5 Bd2 45. Ke2 Bc1 46. Ne3 Bxe3 47. Kxe3 Nc8 
1/2-1/2

[Event "9.Offene Senioren SH 2015"]
[Site "Buesum"]
[Date "2015.10.05"]
[Round "7.18"]
[White "Reinhold, Klaus"]
[Black "Hagermann, Hermann"]
[Result "1-0"]
[BlackElo "1949"]
[BlackTeam "SV Erkenschwick"]
[EventDate "2015.??.??"]
[PlyCount "45"]
[WhiteElo "2057"]
[WhiteTeam "SC Gronau"]

1. d4 Nf6 2. c4 e6 3. Nf3 c5 4. d5 b5 5. Bg5 exd5 6. cxd5 d6 7. Nbd2 Be7 8. e4
Bd7 9. Bf4 O-O 10. Be2 Na6 11. O-O c4 12. a4 Nc5 13. axb5 Bxb5 14. Nd4 a6 15.
Bxc4 Ncxe4 16. Bxb5 axb5 17. Nc6 Rxa1 18. Qxa1 Qd7 19. Nxe4 Nxe4 20. Qe1 f5 21.
f3 Bd8 22. fxe4 Bb6+ 23. Be3  1-0

[Event "9.Offene Senioren SH 2015"]
[Site "Buesum"]
[Date "2015.10.05"]
[Round "7.19"]
[White "Zimmermann, Manfred"]
[Black "Nyberg, Ulf"]
[Result "1/2-1/2"]
[BlackElo "2151"]
[BlackTeam "SK Kamraterna Goeteborg"]
[EventDate "2015.??.??"]
[PlyCount "128"]
[WhiteElo "1957"]
[WhiteTeam "Kieler SG"]

1. d4 e6 2. Nf3 f5 3. Nc3 Nf6 4. Bg5 Bb4 5. e3 b6 6. a3 Bxc3+ 7. bxc3 Bb7 8. Be2
O-O 9. O-O d6 10. Nd2 Nbd7 11. f3 Qe8 12. c4 Qg6 13. Bh4 Qh6 14. Bf2 Nh5 15. Re1
f4 16. e4 e5 17. c3 g5 18. Nf1 Qg7 19. h3 Nhf6 20. Nh2 h5 21. d5 Rac8 22. Rc1
Rcd8 23. Rc2 Nc5 24. Bxc5 dxc5 25. Rd2 Ne8 26. Kh1 Nd6 27. Rg1 Kh8 28. Bf1 Qf6
29. g3 fxg3 30. Rxg3 Rf7 31. Rdg2 Rg7 32. Bd3 Rdg8 33. h4 gxh4 34. Rxg7 Rxg7 35.
f4 Rxg2 36. Qxh5+ Kg7 37. Kxg2 Qxf4 38. Qg4+ Qxg4+ 39. Nxg4 Nf7 40. Kh3 Bc8 41.
Kxh4 Bxg4 42. Kxg4 Kg6 43. Be2 Nd6 44. Bd3 b5 45. cxb5 c4 46. Bc2 Nxb5 47. a4
Nxc3 48. Kf3 a5 49. Ke3 Kg5 50. Kd2 Na2 51. Bb1 Nb4 52. Kc3 Nd3 53. Kxc4 Nf2 54.
Kb5 Kf4 55. Kxa5 Nxe4 56. Bxe4 Kxe4 57. Kb5 Kd4 58. a5 e4 59. a6 e3 60. a7 e2
61. a8=Q e1=Q 62. Qc6 Qb1+ 63. Ka6 Qa2+ 64. Kb7 Qxd5  1/2-1/2

[Event "9.Offene Senioren SH 2015"]
[Site "Buesum"]
[Date "2015.10.05"]
[Round "7.20"]
[White "Lehr, Thomas"]
[Black "Erhart, Uwe"]
[Result "1/2-1/2"]
[BlackElo "2087"]
[BlackTeam "Raisdorfer SG"]
[EventDate "2015.??.??"]
[PlyCount "47"]
[WhiteElo "1924"]
[WhiteTeam "Husumer SV"]

1. e4 c5 2. b3 Nc6 3. Bb2 d6 4. Bb5 Bd7 5. Nc3 Nf6 6. d3 g6 7. Nge2 Bg7 8. O-O
O-O 9. a4 a6 10. Bxc6 Bxc6 11. a5 Ne8 12. Qd2 Nc7 13. Na4 Bxa4 14. Bxg7 Kxg7 15.
Rxa4 Qd7 16. f4 f5 17. exf5 Rxf5  18. g3 Rf7 19. d4 cxd4 20. Rxd4 Raf8 21. Rd3
Kg8 22. c4 Qc6 23. Rdf3 Qc5+ 24. Kh1  1/2-1/2

[Event "9.Offene Senioren SH 2015"]
[Site "Buesum"]
[Date "2015.10.05"]
[Round "7.21"]
[White "Fleischer, Martin"]
[Black "Kierzek, Mira"]
[Result "0-1"]
[BlackElo "2054"]
[BlackTeam "SC Fulda"]
[EventDate "2015.??.??"]
[PlyCount "82"]
[WhiteElo "1872"]
[WhiteTeam "SV Einheit Schwerin"]

1. d4 Nf6 2. Nf3 e6 3. c4 d5 4. Nc3 c6 5. Bg5 Be7 6. e3 O-O 7. Bxf6 Bxf6 8. Bd3
Nd7 9. Qe2 g6 10. O-O Bg7 11. e4 dxc4 12. Bxc4 Nb6 13. Bb3 Bd7 14. a4 a5 15.
Rad1 Qc7 16. Qd2 Rad8 17. Ne2 Nc8 18. e5 Ne7 19. Qc2 Nd5 20. Bxd5 exd5 21. Qc3
Rc8 22. Rc1 Bh6 23. Nd2 Qb6 24. f4 Qa6 25. Ng3 b6 26. Qa3 Rfd8 27. Rc3 c5 28.
dxc5 bxc5 29. Rxc5 Qb6 30. Nb3 Bf8 31. Rc1 Rc6 32. Kf1 Bxc5 33. Rxc5 Rxc5 34.
Nxc5 Be6 35. Nd3 Qe3 36. Ne2 Bg4 37. Nec1 Rc8 38. Qd6 Rxc1+ 39. Nxc1 Qxc1+ 40.
Kf2 Qxf4+ 41. Ke1 Qe3+  0-1

[Event "9.Offene Senioren SH 2015"]
[Site "Buesum"]
[Date "2015.10.05"]
[Round "7.22"]
[White "Kurka, Dieter"]
[Black "Kaufmann, Helmut"]
[Result "1-0"]
[BlackElo "1959"]
[BlackTeam "SK Eutingen"]
[EventDate "2015.??.??"]
[PlyCount "67"]
[WhiteElo "2044"]
[WhiteTeam "Koelner SK Dr. Lasker"]

1. d4 g6 2. c4 Bg7 3. Nc3 d6 4. e4 Nc6 5. d5 Nb8 6. Be2 e5 7. Nf3 h6 8. O-O Ne7
9. Be3 O-O 10. Ne1 f5 11. f3 Nd7 12. Nd3 b6 13. b4 Bb7 14. c5 Nf6 15. cxd6 cxd6
16. b5 Nd7 17. Nb4 Nc5 18. Nc6 Qc7 19. Na4 Nc8 20. Nb2 Kh7 21. a4 a5 22. Nc4 Nd7
23. Rc1 Nf6 24. Qd3 f4 25. Bf2 Bxc6 26. Nxb6 Nxb6 27. Rxc6 Qe7 28. Bxb6 Nd7 29.
Bc7 Rf6 30. Qc4  Nc5 31. Bb6 Nd7 32. Bf2 Bf8 33. Rc7 Qd8 34. b6  1-0

[Event "9.Offene Senioren SH 2015"]
[Site "Buesum"]
[Date "2015.10.05"]
[Round "7.23"]
[White "Kracht, Helmut"]
[Black "Wittkugel, Friedhelm"]
[Result "1/2-1/2"]
[BlackElo "1944"]
[BlackTeam "SV Kamen"]
[EventDate "2015.??.??"]
[PlyCount "46"]
[WhiteElo "2039"]
[WhiteTeam "SK Kaltenkirchen"]

1. e4 g6 2. g3 Bg7 3. Bg2 c5 4. d3 Nc6 5. f4 d6 6. Nf3 Nh6 7. O-O f5 8. c3 e6 9.
Ng5 O-O 10. Nd2 Nf7 11. exf5 Nxg5 12. fxg6 hxg6 13. fxg5 Qxg5 14. Rxf8+ Bxf8 15.
Ne4 Qf5 16. Qe2 d5 17. Ng5 Be7 18. Bh3 Qe5 19. Qxe5 Nxe5 20. Bxe6+ Bxe6 21. Nxe6
Nxd3 22. Be3 Bd6 23. Rd1 c4  1/2-1/2

[Event "9.Offene Senioren SH 2015"]
[Site "Buesum"]
[Date "2015.10.05"]
[Round "7.24"]
[White "Bondick, Karl-Heinz"]
[Black "Josting, Friedel"]
[Result "1-0"]
[BlackElo "1942"]
[BlackTeam "SG Buende"]
[EventDate "2015.??.??"]
[PlyCount "71"]
[WhiteElo "2038"]
[WhiteTeam "USC Magdeburg"]

1. d4 Nf6 2. f3 d5 3. e4 e6 4. Be3 Be7 5. Nd2 b6 6. Bb5+ c6 7. Bd3 Ba6 8. c4 O-O
9. Qc2 h6 10. e5 Nfd7 11. Nh3 c5 12. cxd5 Bxd3 13. Qxd3 exd5 14. Nf4 Nc6 15. e6
Nf6 16. Rc1 cxd4 17. Bf2 Rc8 18. O-O Qd6 19. exf7+ Rxf7 20. Ne2 Qd7 21. Nb3 Rcf8
22. Nexd4 Ne5 23. Qc2 Bd6 24. Nf5 Nh5 25. Nxd6 Qxd6 26. Nd4 Nf4 27. Bg3 g5 28.
Rfe1 h5 29. Re3 h4 30. Bxf4 Rxf4 31. Rce1 Rxd4 32. Rxe5 Rdf4 33. Rxg5+ Kh8 34.
Rh5+ Kg7 35. Qh7+ Kf6 36. Rh6+  1-0

[Event "9.Offene Senioren SH 2015"]
[Site "Buesum"]
[Date "2015.10.05"]
[Round "7.25"]
[White "Berenstein, Alexander"]
[Black "Stecklina, Otto"]
[Result "1-0"]
[BlackElo "1933"]
[BlackTeam "Freibauer Wedemark"]
[EventDate "2015.??.??"]
[PlyCount "105"]
[WhiteElo "2030"]
[WhiteTeam "SV VHS Rendsburg"]

1. e4 c5 2. Bc4 e6 3. Nc3 Nc6 4. d3 Nf6 5. Bg5 Be7 6. Nge2 a6 7. a4 h6 8. Bh4
Ne5 9. Bb3 O-O 10. Bg3 d6 11. f4 Nc6 12. O-O Nd4 13. Nxd4 cxd4 14. Ne2 Qb6 15.
h3 Bd7 16. Qe1 Bc6 17. Qf2 d5 18. e5 Nd7 19. Kh1 Bc5 20. f5 exf5 21. Qxf5 Rae8
22. Rae1 Re6 23. Nf4 Ree8 24. Nxd5 Qd8 25. Nf4 Bb4 26. Re2 Qg5 27. Qxg5 hxg5 28.
Ng6 Nc5 29. Ba2 Nxa4 30. Nxf8 Rxf8 31. e6 fxe6 32. Bxe6+ Kh8 33. Rxf8+ Bxf8 34.
b3 Nc3 35. Rf2 Bc5 36. Rf5 Be7 37. Be5 Ne2 38. Rf2 Nf4 39. Bxf4 gxf4 40. Rxf4
Bf6 41. Kg1 Kh7 42. Kf2 Kh6 43. g3 Kg6 44. Bf5+ Kf7 45. Be4 Ke6 46. Bxc6 bxc6
47. Re4+ Kd7 48. h4 c5 49. Kf3 a5 50. Kg4 Kd6 51. Kf5 Kc6 52. h5 Kb5 53. h6  1-0

[Event "9.Offene Senioren SH 2015"]
[Site "Buesum"]
[Date "2015.10.05"]
[Round "7.26"]
[White "Niebuhr, Gerd"]
[Black "Bullert, Wolfgang"]
[Result "1/2-1/2"]
[BlackElo "1923"]
[BlackTeam "SV Potsdam Mitte"]
[EventDate "2015.??.??"]
[PlyCount "22"]
[WhiteElo "1999"]
[WhiteTeam "Freibauer Wedemark"]

1. d4 f5 2. g3 Nf6 3. Bg2 g6 4. Nh3 Bg7 5. O-O O-O 6. Nf4 c6 7. c4 Qe8 8. Nc3 d6
9. d5 g5 10. Nd3 h6 11. e4 e5  1/2-1/2